[Event "27. Friedensfest-Open (AFRO-A)"]
[Site "Augsburg"]
[Date "2022.08.04"]
[Round "2.37"]
[White "Dillimann, Hans-Peter"]
[Black "Mohylnyi, Stepan"]
[Result "0-1"]
[WhiteElo "1855"]
[BlackElo "1709"]
[EventDate "2022.08.04"]
[Time "15:30:00"]
[WhiteTeam "SK Keres-Augsburg 1980"]
[BlackTeam "SC Noris-Tarrasch Nuernberg 1873"]

1.b4 e5 2.a3 d5 3.Bb2 Bd6 4.e3 Ne7 5.Nf3 f6 6.c4 c6 7.Nc3 Be6 8.c5 Bc7 9.
Be2 O-O 10.h3 Nd7 11.g4 b6 12.cxb6 Bxb6 13.Qc2 Rc8 14.g5 f5 15.Na4 Qc7 16.
Nc5 Bxc5 17.bxc5 Rb8 18.h4 f4 19.Bc3 Bg4 20.Nh2 Bxe2 21.Kxe2 Nf5 22.Ng4 d4
23.e4 Ne7 24.Qa2+ Kh8 25.Bb2 f3+ 26.Kd1 Rf4 27.Rg1 Nxc5 28.Qc4 Nxe4 29.
Bxd4 exd4 30.Qxd4 Rd8 31.Qe3 Rxd2+ 0-1

[Event "27. Friedensfest-Open (AFRO-A)"]
[Site "Augsburg"]
[Date "2022.08.05"]
[Round "4.40"]
[White "Dillimann, Hans-Peter"]
[Black "Jovy, Klaus"]
[Result "0-1"]
[WhiteElo "1855"]
[BlackElo "1850"]
[EventDate "2022.08.04"]
[Time "15:30:00"]
[WhiteTeam "SK Keres-Augsburg 1980"]
[BlackTeam "SK Mering"]

1.b4 d5 2.Bb2 Nf6 3.e3 a6 4.Nf3 Bf5 5.c4 e6 6.a3 dxc4 7.Bxc4 b5 8.Be2 c5 
9.bxc5 Bxc5 10.Nd4 Be4 11.Bf3 O-O 12.Nb3 Be7 13.Nc3 Bxf3 14.Qxf3 Nbd7 15.
Nd4 Ne5 16.Qe2 Rc8 17.O-O Nc4 18.Bc1 Qd7 19.f4 Rfd8 20.Nf3 Qd3 21.Qf2 Nxe3
22.dxe3 Qxc3 23.Bb2 Qc2 24.Nd4 Qxf2+ 25.Rxf2 Ne4 26.Rf3 Bf6 27.Rd1 h6 28.
Rff1 Rc4 29.Ba1 Rdc8 30.g3 Nc3 31.Rd3 Na4 32.Kg2 Nc5 33.Rdd1 Nb7 34.h4 Na5
35.Kh3 Be7 36.Bb2 Nc6 37.Rd3 Nxd4 38.Bxd4 Rc2 39.Rb1 Ra2 40.Rbb3 h5 41.e4 
Rcc2 42.Bg1 Ra1 0-1

[Event "27. Friedensfest-Open (AFRO-A)"]
[Site "Augsburg"]
[Date "2022.08.06"]
[Round "6.41"]
[White "Dillimann, Hans-Peter"]
[Black "Stakor, Darko"]
[Result "0-1"]
[WhiteElo "1855"]
[BlackElo "1680"]
[EventDate "2022.08.04"]
[Time "15:30:00"]
[WhiteTeam "SK Keres-Augsburg 1980"]
[BlackTeam "SK Kriegshaber"]

1.b4 d5 2.Bb2 Bf5 3.e3 e6 4.Nf3 Nf6 5.a3 Nbd7 6.c4 c6 7.Nc3 Bd6 8.Be2 h6 
9.h3 Qe7 10.c5 Bc7 11.Qb3 e5 12.d4 O-O 13.g4 Bh7 14.g5 Ne4 15.gxh6 gxh6 
16.dxe5 Nxe5 17.Nxe5 Bxe5 18.Rg1+ Kh8 19.Nxe4 Bxe4 20.O-O-O Rg8 21.Bg4 Kh7
22.f4 Bxb2+ 23.Qxb2 b6 24.Qd4 bxc5 25.bxc5 Rab8 26.a4 Rb3 27.f5 Rb1+ 28.
Kd2 Rxd1+ 29.Rxd1 Qh4 30.f6 Qf2+ 31.Be2 Rg2 32.Re1 Bf3 33.Qd3+ Kh8 34.Qa6 
Bxe2 35.Rxe2 Qxe2+ 36.Qxe2 Rxe2+ 37.Kxe2 Kh7 38.Kd3 Kg6 39.e4 dxe4+ 40.
Kxe4 Kxf6 41.h4 a5 42.Kf4 Ke6 43.Kg4 f5+ 0-1

[Event "27. Friedensfest-Open (AFRO-A)"]
[Site "Augsburg"]
[Date "2022.08.06"]
[Round "5.20"]
[White "Hermann, Tobias"]
[Black "Niekisch, Dirk"]
[Result "1/2-1/2"]
[WhiteElo "2060"]
[BlackElo "1770"]
[EventDate "2022.08.04"]
[Time "09:30:00"]
[WhiteTeam "SF Schwaigern"]
[BlackTeam "SV Worms 1878"]

1.b3 Nf6 2.Bb2 g6 3.Nf3 Bg7 4.g3 O-O 5.Bg2 d5 6.c4 c5 7.cxd5 Nxd5 8.Bxg7 
Kxg7 9.h4 h5 10.Qc1 Na6 11.Nc3 f6 12.Nxd5 Qxd5 13.O-O Qd6 14.Rd1 e5 15.d3 
Be6 16.Qb2 Bd5 17.Rac1 Rac8 18.Rc2 Rc7 19.Rcd2 Qe7 20.Qa3 Rfc8 21.Rc1 Qe8 
22.Rdc2 Nb4 23.Rc3 b6 24.Qb2 Bc6 25.a3 Nd5 26.Rc4 Ne7 27.Bh3 Bd7 28.Bf1 
Nf5 29.Nd2 Be6 30.R4c3 Qd7 31.e3 Ne7 32.R3c2 Bf5 33.Ne4 Be6 34.d4 cxd4 35.
Rxc7 Rxc7 36.Rxc7 Qxc7 37.exd4 exd4 38.Qxd4 Qe5 39.Qxe5 fxe5 40.Nd2 Nc6 
41.Bd3 Bd5 42.b4 1/2-1/2

[Event "27. Friedensfest-Open (AFRO-A)"]
[Site "Augsburg"]
[Date "2022.08.07"]
[Round "7.21"]
[White "Hermann, Tobias"]
[Black "Lang, Thomas"]
[Result "0-1"]
[WhiteElo "2060"]
[BlackElo "1792"]
[EventDate "2022.08.04"]
[Time "09:30:00"]
[WhiteTeam "SF Schwaigern"]
[BlackTeam "SG Schwaebisch Gmuend 1872 e.V"]

1.b3 Nf6 2.Bb2 e6 3.Nf3 d5 4.g3 c5 5.Bg2 Bd6 6.e3 Nc6 7.c4 O-O 8.cxd5 Nxd5
9.O-O b6 10.Na3 Bb7 11.d4 Nf6 12.Ne5 Bxe5 13.dxe5 Nd5 14.Qh5 Qe7 15.Rfd1 
Rad8 16.Nc4 Ba8 17.Nd6 h6 18.h4 Nxe5 19.Bxe5 f6 20.Bxd5 exd5 21.Bf4 Rxd6 
22.Bxd6 Qxd6 23.Qf5 Re8 24.e4 d4 25.Re1 Qc6 26.f3 Re5 27.Qf4 a6 28.Rac1 b5
29.Red1 Qb6 30.h5 Bb7 31.g4 Re8 32.Rc2 Rc8 33.Rcd2 Rd8 34.Kg2 c4 35.bxc4 
bxc4 36.Rc2 c3 37.Qc1 Bc6 38.Qa3 Bb5 39.Qb3+ Kh7 40.Kh1 Qc7 41.Kg2 Qa5 42.
Rf2 Qa4 43.Rc2 Rc8 44.Kf2 d3 45.Rcc1 Qd4+ 46.Kg2 d2 47.Rc2 Ba4 48.Qe6 Rd8 
49.Qf5+ Kh8 50.e5 Bxc2 51.Qxc2 Qd3 0-1

[Event "27. Friedensfest-Open (AFRO-A)"]
[Site "Augsburg"]
[Date "2022.08.04"]
[Round "1.3"]
[White "Hermann, Tobias"]
[Black "Nasshan, Dennis"]
[Result "0-1"]
[WhiteElo "2060"]
[BlackElo "2312"]
[EventDate "2022.08.04"]
[WhiteTeam "SF Schwaigern"]
[BlackTeam "SV Worms 1878"]

1.b3 Nf6 2.Bb2 e6 3.Nf3 b6 4.g3 Bb7 5.Bg2 c5 6.c4 Be7 7.O-O Qc7 8.Nc3 a6 
9.e3 d6 10.d4 Nbd7 11.Qe2 O-O 12.Rac1 cxd4 13.exd4 Rfe8 14.Rfd1 Rac8 15.
Ne1 Bf8 16.Bxb7 Qxb7 17.Qf3 Qxf3 18.Nxf3 d5 19.cxd5 Nxd5 20.Nxd5 exd5 21.
Ne5 Nf6 22.f3 Bd6 23.Kf2 h6 24.h4 Nh5 25.g4 Nf4 26.Ke3 Ng2+ 27.Kf2 Nxh4 
28.Rxc8 Rxc8 29.Rc1 Rxc1 30.Bxc1 f6 31.Nd3 Ng6 32.Bd2 Kf7 33.Nb4 Bxb4 34.
Bxb4 Ne7 35.Ke3 g6 36.Bd6 Nc6 37.a4 b5 38.Bc7 g5 39.axb5 axb5 40.Kd3 Kg6 
41.Ke3 f5 42.Bb6 h5 43.gxh5+ Kxh5 44.Bc7 f4+ 45.Kd3 Kh4 46.Be5 Kg3 47.Bf6 
g4 48.fxg4 f3 0-1

[Event "27. Friedensfest-Open (AFRO-A)"]
[Site "Augsburg"]
[Date "2022.08.05"]
[Round "3.20"]
[White "Hermann, Tobias"]
[Black "Yaroshenko, Yaroslav"]
[Result "1/2-1/2"]
[WhiteElo "2060"]
[BlackElo "1760"]
[EventDate "2022.08.04"]
[Time "09:30:00"]
[WhiteTeam "SF Schwaigern"]
[BlackTeam "SK Graefelfing"]

1.b3 e5 2.Bb2 Nc6 3.e3 d5 4.Bb5 Bd6 5.Nf3 Bg4 6.h3 Bxf3 7.Qxf3 a6 8.Bxc6+ 
bxc6 9.c4 Qf6 10.Qg3 d4 11.Qf3 Qxf3 12.gxf3 c5 13.Rg1 g6 14.Ke2 Ne7 15.Na3
O-O-O 16.Nc2 Nc6 17.Ne1 f5 18.e4 Rdf8 19.Ba3 Rf7 20.Nd3 Rhf8 21.Raf1 a5 
22.h4 Nd8 23.Bxc5 Ne6 24.Bxd6 cxd6 25.h5 fxe4 26.fxe4 g5 27.a3 h6 28.b4 
Nf4+ 29.Nxf4 Rxf4 30.d3 Rh4 31.bxa5 Rxh5 32.Rh1 Rxh1 33.Rxh1 Rh8 34.Kf3 h5
35.Rg1 g4+ 36.Kg3 h4+ 37.Kh2 Rg8 38.Rb1 Rf8 39.a6 Rxf2+ 40.Kg1 Rf7 41.Rb6 
Rd7 42.a4 h3 43.Kh2 Rg7 44.Kg3 Rh7 45.Rb2 Ra7 46.Kxg4 Rxa6 47.Kf5 Ra7 48.
Rh2 Rxa4 49.Ke6 Kc7 50.Rxh3 Ra8 51.Kd5 Ra5+ 52.Ke6 Ra8 53.c5 dxc5 54.Kxe5 
Kc6 55.Rh1 1/2-1/2

[Event "27. Friedensfest-Open (AFRO-A)"]
[Site "Augsburg"]
[Date "2022.08.04"]
[Round "2.17"]
[White "Poniatowski, Pawel"]
[Black "Mueck, Heinz-Peter"]
[Result "0-1"]
[WhiteElo "2071"]
[BlackElo "1876"]
[EventDate "2022.08.04"]
[Time "15:30:00"]
[WhiteTeam "SK Klosterlechfeld"]
[BlackTeam "SC Pluederhausen"]

1.c4 g5 2.e4 d6 3.d3 Bg7 4.Nc3 e5 5.g3 c6 6.h4 g4 7.h5 Nh6 8.Bd2 f6 9.Qc1 
Nf7 10.h6 Bf8 11.Be2 Rg8 12.Rh4 Be6 13.Nd1 Qd7 14.Qc3 Rg6 15.d4 exd4 16.
Qxd4 c5 17.Qc3 Nc6 18.Qc1 Nd4 19.Be3 Nxe2 20.Kxe2 Ne5 21.b3 f5 22.Bf4 Be7 
23.Rh5 Nc6 24.Nc3 fxe4 25.Nd5 Bxd5 26.cxd5 Nd4+ 27.Ke3 Qb5 28.Kxe4 Bf6 29.
Qc4 Qxc4 30.bxc4 O-O-O 31.Kd3 Ne2 32.Re1 Nxf4+ 33.gxf4 Bd4 34.f5 Rgg8 35.
Rf1 g3 36.f4 g2 37.Re1 Rde8 38.Rg5 Re3+ 39.Kc2 Rg3 40.Rxg8+ Rxg8 41.Kd2 
Rg4 42.Ke2 Rxf4 43.Nf3 Rxf3 44.Kxf3 0-1

[Event "27. Friedensfest-Open (AFRO-A)"]
[Site "Augsburg"]
[Date "2022.08.05"]
[Round "4.13"]
[White "Schneider, Peter"]
[Black "Haller, Quentin"]
[Result "1/2-1/2"]
[WhiteElo "1527"]
[BlackElo "2026"]
[EventDate "2022.08.04"]
[Time "15:30:00"]
[WhiteTeam "SC Wolfratshausen 1948 e.V."]
[BlackTeam "?"]

1.c4 c6 2.d4 Nf6 3.Nc3 d5 4.Nf3 e6 5.e3 Nbd7 6.a3 Bd6 7.Be2 O-O 8.O-O dxc4
9.Bxc4 b5 10.Bd3 a6 11.b4 a5 12.bxa5 Rxa5 13.Bd2 Rxa3 14.Qc2 Rxa1 15.Rxa1 
Bb7 16.Ne4 Nxe4 17.Bxe4 Nf6 18.Ba5 Qd7 19.Bd3 Ra8 20.Ne5 Qe8 21.Bc3 Rxa1+ 
22.Bxa1 Qa8 23.Bb2 h6 24.h4 Bxe5 25.dxe5 Nd7 26.Bh7+ Kh8 27.Bd3 Qd8 28.Be4
Qc7 29.Bd3 Qb6 30.Qe2 Kg8 31.g4 Qd8 32.h5 c5 33.Bxb5 Nb6 34.e4 c4 35.f3 
Qe7 36.Bd4 Qb4 37.Qb2 Qxb2 38.Bxb2 Bc8 39.Bd4 Bd7 40.Ba6 Bc8 41.Bb5 Bd7 
42.Ba6 1/2-1/2

[Event "27. Friedensfest-Open (AFRO-A)"]
[Site "Augsburg"]
[Date "2022.08.06"]
[Round "6.10"]
[White "Poniatowski, Pawel"]
[Black "Werner, Denis"]
[Result "0-1"]
[WhiteElo "2071"]
[BlackElo "1939"]
[EventDate "2022.08.04"]
[Time "15:30:00"]
[WhiteTeam "SK Klosterlechfeld"]
[BlackTeam "SC Garching 1980 e.V."]

1.c4 c6 2.e4 d5 3.cxd5 cxd5 4.exd5 Nf6 5.Bb5+ Bd7 6.Bc4 Bf5 7.Qb3 Nbd7 8.
Nf3 Nb6 9.Bb5+ Bd7 10.Ne5 Qc7 11.Nxd7 Nbxd7 12.Nc3 O-O-O 13.Be2 Nc5 14.Qc4
e6 15.Nb5 exd5 16.Qc2 Qa5 17.b4 Qxb4 18.Nxa7+ Kc7 19.O-O Qa4 20.Nb5+ Kb8 
21.Qb2 d4 22.Rb1 Be7 23.d3 Nd5 24.Bf3 Bf6 25.Bxd5 Rxd5 26.Bf4+ Kc8 27.Nd6+
Kd7 28.Ne4 Qc6 29.Rfc1 Rc8 30.Nxc5+ Rxc5 31.Rxc5 Qxc5 32.Qxb7+ Kd8 33.Qxf7
h6 34.h3 Qe7 35.Qd5+ Qd7 36.Bd6 Qc6 37.Qa5+ Kd7 38.Qa7+ Ke6 39.Rb6 Qc1+ 
40.Kh2 Rc6 41.Qa6 Kxd6 42.Qb5 Rxb6 43.Qxb6+ Qc6 44.Qb4+ Qc5 45.Qb8+ Kc6 
46.g3 Qc3 47.Qb1 Kc5 48.h4 Qb4 49.Qc2+ Kb5 50.Kh3 Qc3 51.Qe2 Kb4 52.g4 Qc1
53.h5 Kc3 54.a4 Qd2 55.Qxd2+ Kxd2 56.a5 Be5 57.a6 Bb8 58.f4 Kxd3 59.g5 Ke4
60.Kg4 d3 0-1

[Event "27. Friedensfest-Open (AFRO-A)"]
[Site "Augsburg"]
[Date "2022.08.04"]
[Round "2.11"]
[White "Notz, Lukas"]
[Black "Roehr, Oliver"]
[Result "1/2-1/2"]
[WhiteElo "1950"]
[BlackElo "2141"]
[EventDate "2022.08.04"]
[Time "15:30:00"]
[WhiteTeam "SV Dettingen Erms"]
[BlackTeam "SV Mattnetz Berlin e.V."]

1.c4 f5 2.g3 Nf6 3.Bg2 g6 4.Nc3 Bg7 5.e3 O-O 6.Nge2 d6 7.b3 c6 8.Bb2 e5 9.
d4 Qc7 10.O-O Be6 11.d5 cxd5 12.Nxd5 Nxd5 13.Bxd5 Qd7 14.Qd2 Rd8 15.Rfd1 
Na6 16.Rac1 Rac8 17.Nc3 Bf8 18.e4 Bxd5 19.Nxd5 Qf7 20.exf5 Qxf5 21.f4 Nc5 
22.fxe5 Ne4 23.Qf4 dxe5 24.Qxf5 gxf5 25.Bxe5 b5 26.Ne3 Bc5 27.Bf4 bxc4 28.
bxc4 Kf7 29.Kg2 Bxe3 30.Rxd8 Rxd8 31.Bxe3 Rd3 32.Bf4 Ra3 33.c5 Ke7 34.c6 
Rc3 35.Rb1 Rxc6 36.Rb7+ Kf6 37.Rxa7 Rc2+ 38.Kh3 Ng5+ 39.Bxg5+ Kxg5 40.a4 
Ra2 41.a5 Kh6 42.a6 Kg6 43.Ra8 Kh6 44.a7 Kg7 45.Kh4 Rxh2+ 46.Kg5 Ra2 47.
Kxf5 h6 48.Ke6 Ra1 1/2-1/2

[Event "27. Friedensfest-Open (AFRO-A)"]
[Site "Augsburg"]
[Date "2022.08.05"]
[Round "4.38"]
[White "Schoenwetter, Martin"]
[Black "Pikal, Alexander, Dr."]
[Result "0-1"]
[WhiteElo "1498"]
[BlackElo "1958"]
[EventDate "2022.08.04"]
[Time "15:30:00"]
[WhiteTeam "Schachges. Augsburg 1873"]
[BlackTeam "SC Ansbach 1855 e.V."]

1.c4 d6 2.g3 g6 3.Bg2 Bg7 4.Nc3 c6 5.e4 f5 6.d3 Nf6 7.Nge2 O-O 8.O-O e5 9.
Bg5 h6 10.Bxf6 Bxf6 11.Qd2 Bg7 12.h3 f4 13.f3 fxg3 14.Nxg3 Qh4 15.Kh2 Nd7 
16.Nce2 a5 17.f4 exf4 18.Rxf4 Rxf4 19.Nxf4 Qg5 20.Rf1 Nf8 21.Qf2 h5 22.b3 
h4 23.Nge2 Ne6 24.Nxe6 Bxe6 25.Kh1 Rf8 26.Qe1 a4 27.Rxf8+ Bxf8 28.Nd4 Bf7 
29.Nf3 Qf4 30.Nxh4 axb3 31.axb3 Bg7 32.Nf3 Be6 33.Qd2 Qg3 34.Qg5 Qxg5 35.
Nxg5 Bd7 36.Kg1 Bd4+ 37.Kf1 Kg7 38.Ke2 Kf6 39.Nf3 Bb2 40.d4 g5 41.Kd3 Be8 
42.Nh2 Bg6 43.Ng4+ Ke7 44.b4 Bh7 45.Bf3 Bg6 46.Ne3 Kf6 47.Bg4 Ba3 48.Nc2 
Bb2 49.Bc8 d5 50.cxd5 cxd5 51.Bxb7 Bxe4+ 52.Kd2 Ke6 53.b5 Kd6 54.Bc8 Kc7 
55.Be6 Kb6 56.Bd7 Bg2 57.Ne3 Be4 58.Nc2 Kc7 59.Be6 Kd6 60.Bg4 Bg6 61.Be2 
Be8 62.Kd1 Bd7 63.Bf1 Bc3 64.Kc1 Be6 65.Kd1 Kc7 66.Kc1 Kb6 67.Kd1 Bf7 68.
Kc1 Bh5 69.Ne3 Bf3 70.Nc2 Be4 71.Kd1 Bf5 72.Kc1 Bd7 73.Ne3 Be6 74.Nc2 Ka5 
75.Kd1 Bf7 76.Kc1 Be8 77.Ne3 Bxd4 78.Nxd5 Bf7 79.Ne7 Kb6 80.Nf5 Bc5 81.Kd2
Be6 82.Ng3 Bd6 83.Nh1 Bd7 84.Nf2 Bf4+ 85.Kc2 Be3 86.Ng4 Bf4 87.Kd1 Kc5 88.
Kc2 Kd4 89.Kb3 Kc5 90.Ka4 Bd2 91.Kb3 Bf5 92.Be2 Be4 93.Bf1 Kd4 94.Kb2 Ba5 
95.Kb3 Bf3 96.Ka4 Bb6 97.Kb4 Bd8 98.Ka4 Bd1+ 99.Kb4 Bf3 100.Ka4 Kc3 101.
Ka3 Ba5 102.Ka2 Bb6 103.Ne5 Bd5+ 104.Ka3 Bc5+ 105.Ka4 Bb6 106.Nd7 Bb3+ 
107.Ka3 Bc7 0-1

[Event "27. Friedensfest-Open (AFRO-A)"]
[Site "Augsburg"]
[Date "2022.08.04"]
[Round "2.8"]
[White "Feldmann, Johannes"]
[Black "Werner, Denis"]
[Result "1-0"]
[WhiteElo "2240"]
[BlackElo "1939"]
[EventDate "2022.08.04"]
[Time "15:30:00"]
[WhiteTeam "SV Worms 1878"]
[BlackTeam "SC Garching 1980 e.V."]

1.c4 c6 2.Nf3 d5 3.e3 Nf6 4.Nc3 a6 5.b3 Bf5 6.Ba3 Nbd7 7.Be2 Qa5 8.Qc1 e6 
9.Bxf8 Nxf8 10.O-O N8d7 11.Qb2 O-O 12.Rac1 Rac8 13.d4 b5 14.b4 Qb6 15.cxb5
cxb5 16.a4 Ne4 17.axb5 Nxc3 18.Rxc3 axb5 19.Rfc1 Rxc3 20.Qxc3 Ra8 21.Ne5 
Nxe5 22.Qc8+ Qd8 23.Qxd8+ Rxd8 24.dxe5 h6 25.g4 Bg6 26.Rc5 d4 27.exd4 Rxd4
28.Rxb5 Be4 29.f3 Rd2 30.Kf1 Bd3 31.Bxd3 Rxd3 32.Ke2 Rb3 33.h4 g5 34.h5 
Kf8 35.Rb8+ Kg7 36.b5 Kh7 37.b6 Kg7 38.Kd2 Rxf3 39.Kc2 Rf2+ 40.Kb3 Rf1 41.
Kb4 f5 42.exf6+ Kf7 43.b7 Rb1+ 44.Kc3 1-0

[Event "27. Friedensfest-Open (AFRO-A)"]
[Site "Augsburg"]
[Date "2022.08.06"]
[Round "5.12"]
[White "Dannehr, Juergen"]
[Black "Baur, Frank"]
[Result "1/2-1/2"]
[WhiteElo "1922"]
[BlackElo "2018"]
[EventDate "2022.08.04"]
[Time "09:30:00"]
[WhiteTeam "SV Gifhorn"]
[BlackTeam "SF Mengen"]

1.c4 c5 2.Nc3 g6 3.g3 Bg7 4.Bg2 Nc6 5.Nf3 d6 6.O-O e5 7.a3 a5 8.d3 Nge7 9.
Bd2 O-O 10.Rb1 h6 11.Ne1 Be6 12.Nc2 d5 13.cxd5 Nxd5 14.Nxd5 Bxd5 15.Bxd5 
Qxd5 16.Ne3 Qe6 17.Rc1 b6 18.Nc4 Rab8 19.f3 Rfd8 20.Rb1 a4 21.Be3 Nd4 22.
Nd2 f5 23.Re1 Ra8 24.Qc1 Kh7 25.Bf2 Bf8 26.Qc4 Qc6 27.Rbd1 b5 28.Qc1 Rd7 
29.Nf1 Re8 30.Nd2 h5 31.Nf1 Bh6 32.Be3 f4 33.gxf4 Nb3 34.Qc2 exf4 35.Bf2 
Rde7 36.d4 c4 37.d5 Qf6 38.d6 Rd7 39.Nd2 Nxd2 40.Rxd2 Red8 41.Red1 Rxd6 
42.Rxd6 Rxd6 43.Rxd6 Qxd6 44.Qe4 Bg7 45.Qb7 Qe5 46.Kf1 Qxb2 47.Bc5 Kh6 48.
Qb8 Qd2 49.Bf8 Qd1+ 50.Kf2 Qd4+ 51.Kg2 c3 52.Bxg7+ Kxg7 53.Qxb5 c2 54.Qb7+
Kh6 55.Qc8 Qd2 56.Qh8+ Kg5 57.Qe5+ Kh6 1/2-1/2

[Event "27. Friedensfest-Open (AFRO-A)"]
[Site "Augsburg"]
[Date "2022.08.06"]
[Round "6.4"]
[White "Feldmann, Johannes"]
[Black "Karsay, Pascal"]
[Result "1/2-1/2"]
[WhiteElo "2240"]
[BlackElo "2270"]
[EventDate "2022.08.04"]
[Time "15:30:00"]
[WhiteTeam "SV Worms 1878"]
[BlackTeam "SV Worms 1878"]

1.c4 c5 2.Nf3 g6 3.d4 Bg7 4.e4 d6 5.Be2 Qa5+ 6.Nc3 Bg4 7.dxc5 dxc5 8.O-O 
Nc6 9.Qb3 Qb4 10.Nd5 Qxb3 11.axb3 Bxf3 12.Bxf3 Rd8 13.Ra4 e6 14.Nc7+ Kd7 
15.Nb5 a6 16.Rd1+ Bd4 17.Nxd4 Nxd4 18.b4 Kc8 19.Kf1 cxb4 20.Rxb4 Ne7 21.
Bg5 Nxf3 22.Rxd8+ Rxd8 23.gxf3 Rd7 24.Bxe7 Rxe7 25.Rb6 Kc7 26.c5 Rd7 27.
Ke2 Rd4 28.b4 Rc4 29.Kd3 Rc1 30.f4 a5 31.Kd2 Rf1 32.bxa5 Rxf2+ 33.Ke3 Ra2 
34.c6 bxc6 35.Ra6 Kd6 36.Ra7 f5 37.e5+ Kc5 38.Rxh7 Rxa5 39.Rd7 Ra3+ 40.Ke2
Ra2+ 41.Ke3 Ra3+ 42.Ke2 Ra4 43.Ke3 Re4+ 44.Kf3 Kb4 45.Rb7+ Ka4 46.Rc7 Kb5 
47.Rb7+ Ka4 48.Rc7 Rc4 49.Re7 c5 50.Rxe6 Rb4 51.Rxg6 c4 52.Rc6 Kb3 53.h4 
c3 54.h5 c2 55.h6 Rc4 56.Rxc4 Kxc4 57.h7 c1=Q 58.h8=Q Qf1+ 59.Kg3 Qg1+ 60.
Kf3 Qg4+ 61.Ke3 Qg3+ 62.Ke2 Qg2+ 63.Ke3 Qe4+ 64.Kf2 Qxf4+ 65.Ke2 Qe4+ 66.
Kf2 Qf4+ 1/2-1/2

[Event "27. Friedensfest-Open (AFRO-A)"]
[Site "Augsburg"]
[Date "2022.08.04"]
[Round "2.21"]
[White "Hoeller, Armin"]
[Black "Vuckovic, Robert"]
[Result "0-1"]
[WhiteElo "2045"]
[BlackElo "1846"]
[EventDate "2022.08.04"]
[Time "15:30:00"]
[WhiteTeam "SK Weilheim e.V."]
[BlackTeam "SF Augsburg"]

1.c4 e5 2.g3 Nc6 3.Bg2 d6 4.d3 Be6 5.Nc3 Qd7 6.a3 g6 7.b4 Bg7 8.b5 Nd8 9.
e4 Ne7 10.Nge2 Bh3 11.O-O h5 12.f4 h4 13.f5 Bxg2 14.Kxg2 gxf5 15.Bg5 hxg3 
16.Nxg3 f4 17.Nh5 Ne6 18.Bxe7 Qxe7 19.Qg4 O-O-O 20.Kh1 Rh7 21.Nd5 Qg5 22.
Qxg5 Nxg5 23.Nxg7 Rxg7 24.Rg1 Rh8 25.Ra2 Kd8 26.a4 Rh3 27.a5 Rg6 28.b6 
axb6 29.axb6 c6 30.Nf6 Ke7 31.Ng4 Nf3 32.Rgg2 Ne1 33.Rg1 Nxd3 34.Ra7 Nc5 
35.Nf2 Rxg1+ 36.Kxg1 Rb3 0-1

[Event "27. Friedensfest-Open (AFRO-A)"]
[Site "Augsburg"]
[Date "2022.08.05"]
[Round "4.36"]
[White "Notz, Lukas"]
[Black "Blodig, Vincent"]
[Result "1-0"]
[WhiteElo "1950"]
[BlackElo "1507"]
[EventDate "2022.08.04"]
[Time "15:30:00"]
[WhiteTeam "SV Dettingen Erms"]
[BlackTeam "SF Augsburg"]

1.c4 e5 2.Nc3 Nf6 3.g3 d5 4.cxd5 Nxd5 5.Bg2 Nb6 6.Nf3 Nc6 7.O-O Be7 8.a4 
a5 9.d4 exd4 10.Nb5 O-O 11.Nfxd4 Nxd4 12.Nxd4 c6 13.e3 Bf6 14.Qb3 Qc7 15.
Bd2 Bxd4 16.exd4 Be6 17.Qc2 Nd5 18.Rac1 Rad8 19.Qc5 Rd7 20.Rfe1 Ra8 21.Re5
Qd6 22.Bxd5 Bxd5 23.Qxa5 Rdd8 24.Qb6 Rxa4 25.Bf4 Rb4 26.Qa5 Rb5 27.Qd2 Qb4
28.Qe2 Ra5 29.Bd2 Qf8 30.Bxa5 Ra8 31.Bc3 f6 32.Re7 g6 33.Re1 Qh6 1-0

[Event "27. Friedensfest-Open (AFRO-A)"]
[Site "Augsburg"]
[Date "2022.08.06"]
[Round "6.37"]
[White "Komarov, Jan"]
[Black "Boehm, Bruno"]
[Result "1-0"]
[WhiteElo "1844"]
[BlackElo "1796"]
[EventDate "2022.08.04"]
[Time "15:30:00"]
[WhiteTeam "SK Muenchen Suedost e.V."]
[BlackTeam "SK Freising"]

1.c4 e6 2.g3 Nf6 3.Bg2 d5 4.Nf3 Be7 5.O-O O-O 6.d4 c5 7.cxd5 exd5 8.dxc5 
Bxc5 9.a3 Re8 10.b4 Bf8 11.Bb2 Ne4 12.Nc3 Be6 13.Nxe4 dxe4 14.Qxd8 Rxd8 
15.Ng5 Bf5 16.Nxe4 Nd7 17.Rfd1 Re8 18.Nc3 Rab8 19.e4 Bg4 20.f3 Be6 21.Nb5 
Bb3 22.Rxd7 Ba4 23.Rd5 1-0

[Event "27. Friedensfest-Open (AFRO-A)"]
[Site "Augsburg"]
[Date "2022.08.06"]
[Round "6.2"]
[White "Nasshan, Dennis"]
[Black "Reis, Thomas"]
[Result "1-0"]
[WhiteElo "2312"]
[BlackElo "2193"]
[EventDate "2022.08.04"]
[Time "15:30:00"]
[WhiteTeam "SV Worms 1878"]
[BlackTeam "SK Kriegshaber"]

1.c4 e6 2.g3 d5 3.Nf3 Nf6 4.Bg2 Be7 5.O-O O-O 6.d4 c6 7.Qc2 b6 8.Nbd2 Na6 
9.a3 Bb7 10.b4 c5 11.dxc5 bxc5 12.b5 Nc7 13.a4 dxc4 14.Nxc4 Ncd5 15.Bb2 a6
16.Qb3 axb5 17.axb5 Nb4 18.Rad1 Qe8 19.Bxf6 gxf6 20.Nb6 Qxb5 21.Nxa8 Rxa8 
22.Qe3 Nd5 23.Qd2 Ba6 24.e4 Nb4 25.e5 Qb8 26.exf6 Bxf6 27.Rfe1 Nd3 28.Re4 
Bg7 29.Rg4 Qb2 30.Qe3 c4 31.Nd4 Rd8 32.Rxg7+ 1-0

[Event "27. Friedensfest-Open (AFRO-A)"]
[Site "Augsburg"]
[Date "2022.08.06"]
[Round "6.34"]
[White "Hoeller, Armin"]
[Black "Wezel, Sebastian"]
[Result "1-0"]
[WhiteElo "2045"]
[BlackElo "1859"]
[EventDate "2022.08.04"]
[Time "15:30:00"]
[WhiteTeam "SK Weilheim e.V."]
[BlackTeam "SV Dettingen Erms"]

1.c4 g6 2.g3 Bg7 3.Bg2 e5 4.Nc3 d6 5.Nf3 Nc6 6.O-O Nge7 7.d3 O-O 8.Nh4 Rb8
9.Bd2 a6 10.Rc1 Nd4 11.e3 Ne6 12.Nd5 c6 13.Nxe7+ Qxe7 14.Bc3 c5 15.Qe1 b5 
16.a3 Bb7 17.e4 bxc4 18.dxc4 Bh6 19.Rb1 Bc6 20.b4 Rb7 21.Qe2 Rfb8 22.Qd3 
Ba4 23.Bh3 Nd4 24.Rb2 Bd7 25.Bg2 Be6 26.Bxd4 cxd4 27.Rc2 Rc7 28.Rd1 Rbc8 
29.c5 dxc5 30.bxc5 a5 31.f4 Rxc5 32.Rxc5 Rxc5 33.Nf3 Rc3 34.Qb5 Bg4 35.Rf1
Bxf3 36.Bxf3 exf4 37.e5 Qxa3 38.Bd5 Qe7 39.Qxa5 Qxe5 40.Bxf7+ Kxf7 41.Qxe5
1-0

[Event "27. Friedensfest-Open (AFRO-A)"]
[Site "Augsburg"]
[Date "2022.08.06"]
[Round "6.25"]
[White "Notz, Lukas"]
[Black "Yaroshenko, Yaroslav"]
[Result "1/2-1/2"]
[WhiteElo "1950"]
[BlackElo "1760"]
[EventDate "2022.08.04"]
[Time "15:30:00"]
[WhiteTeam "SV Dettingen Erms"]
[BlackTeam "SK Graefelfing"]

1.c4 g6 2.g3 Bg7 3.Bg2 d6 4.Nc3 e5 5.e4 Nc6 6.Nge2 f5 7.d3 Nf6 8.O-O O-O 
9.h3 fxe4 10.dxe4 Be6 11.Nd5 Qd7 12.Kh2 Nd4 13.Nxd4 exd4 14.Bg5 c5 15.Qd3 
Nxd5 16.cxd5 Bf7 17.Bd2 b5 18.b3 Rac8 19.Rac1 Be8 20.Bf3 Qb7 21.Bg4 Bd7 
22.f4 Bxg4 23.hxg4 Qa6 24.a4 c4 25.axb5 cxd3 26.bxa6 Rc2 27.Rxc2 dxc2 28.
Kg2 Rb8 29.b4 d3 30.Rf3 Bb2 31.Rxd3 Rxb4 32.e5 dxe5 33.d6 Rb8 34.d7 Rd8 
35.fxe5 c1=Q 36.Bxc1 Bxc1 37.Rc3 Bd2 38.e6 Kf8 39.Rc7 Be3 40.Kf3 Bb6 41.
Rc6 Ke7 42.Ke4 Rf8 43.Rc8 Bd8 44.Ra8 Rf6 45.Kd5 Rf3 46.Rxa7 Rxg3 47.Ra8 
Ra3 48.a7 h5 49.gxh5 gxh5 50.Ke4 h4 51.Kf4 h3 52.Rc8 h2 53.Rc1 Kxe6 54.Rd1
Rxa7 55.Kg3 Bc7+ 56.Kg2 Ra8 57.d8=Q Bxd8 1/2-1/2

[Event "27. Friedensfest-Open (AFRO-A)"]
[Site "Augsburg"]
[Date "2022.08.05"]
[Round "4.30"]
[White "Hoeller, Armin"]
[Black "Luetkemeyer, Arnd"]
[Result "1/2-1/2"]
[WhiteElo "2045"]
[BlackElo "1831"]
[EventDate "2022.08.04"]
[Time "15:30:00"]
[WhiteTeam "SK Weilheim e.V."]
[BlackTeam "SK Germering e. V."]

1.c4 Nf6 2.g3 e5 3.Bg2 c6 4.Nf3 e4 5.Nd4 d5 6.Qc2 Qb6 7.e3 Na6 8.a3 Nc5 9.
O-O a5 10.b3 Nd3 11.Nc3 Nxc1 12.Rfxc1 Bd6 13.Nxd5 cxd5 14.c5 Bxc5 15.Qxc5 
Qxc5 16.Rxc5 O-O 17.Rc7 Rd8 18.Rac1 Ne8 19.R7c5 Be6 20.Bf1 Nd6 21.Bb5 Kf8 
22.Rc7 Bh3 23.Be2 Rac8 24.f3 Rxc7 25.Rxc7 Rc8 26.Rxc8+ Bxc8 27.f4 Ke7 28.
g4 g6 29.Kf2 Bd7 30.Kg3 h6 31.h4 f6 32.Bf1 g5 33.hxg5 hxg5 34.Be2 Kd8 35.
Kf2 Kc7 36.Ke1 Nf7 37.Kd1 Nh6 38.f5 Nf7 39.Kc2 Ne5 40.Kc3 Kd6 41.b4 axb4+ 
42.Kxb4 b6 43.Kc3 Kc5 44.Nb3+ Kd6 45.Nc1 Kc5 46.Nb3+ Kd6 47.Kb4 Nc6+ 48.
Kc3 Ne5 49.Nc1 Kc5 1/2-1/2

[Event "27. Friedensfest-Open (AFRO-A)"]
[Site "Augsburg"]
[Date "2022.08.04"]
[Round "1.24"]
[White "Mueck, Fabian"]
[Black "Bilandzic, Ante"]
[Result "1/2-1/2"]
[WhiteElo "1787"]
[BlackElo "1923"]
[EventDate "2022.08.04"]
[WhiteTeam "SC Pluederhausen"]
[BlackTeam "FC Bayern Muenchen e.V."]

1.c4 Nf6 2.g3 e5 3.Bg2 Nc6 4.Nc3 Bb4 5.Nd5 Be7 6.d3 O-O 7.e4 d6 8.Ne2 Bg4 
9.h3 Bxe2 10.Qxe2 Nd4 11.Qd1 a5 12.Be3 Nd7 13.O-O c6 14.Nc3 Nc5 15.Bxd4 
exd4 16.Ne2 Bf6 17.f4 g6 18.Qc2 Bg7 19.Rae1 Qe7 20.Kh1 Rae8 21.a3 a4 22.
Nc1 g5 23.Qf2 gxf4 24.gxf4 Bf6 25.Qf3 Kh8 26.Re2 Rg8 27.h4 Bxh4 28.Qh5 Bg3
29.Bh3 Qh4 30.Qxh4 Bxh4 31.Bf5 Rg3 32.Rh2 Bf6 33.Rxh7+ Kg8 34.Kh2 Rg7 35.
Rh6 Be7 36.Rf3 f6 37.Rfh3 Kf7 38.Ne2 Reg8 39.Rh7 Rxh7 40.Rxh7+ Rg7 41.Rh3 
d5 42.cxd5 cxd5 43.Nxd4 Bd6 44.Rf3 dxe4 45.dxe4 Bb8 46.Nb5 Ne6 47.Bxe6+ 
Kxe6 48.Nd4+ Kd7 49.Kh3 Rh7+ 50.Kg4 Rh2 51.Kf5 Rxb2 52.Kxf6 Bd6 53.e5 Bc5 
54.Rd3 Ke8 55.Ne6 Be7+ 56.Kg6 Rb3 57.Rd1 Rxa3 58.Ng7+ Kf8 59.Ne6+ Ke8 60.
Ng7+ Kf8 1/2-1/2